000 00297nam a22001337a 4500
008 181224b xxu||||| |||| 00| 0 eng d
020 _a9780683037012
041 _aeng
080 _210 TH
_a611
100 _a7
101 _aANA
245 _aAtlaas Of Ana6tomy
_cAgur.A.M.R
942 _2udc
_cBK
999 _c53750
_d53750